Normal view
MARC view
- Shaheen Akhtar
Entry Personal Name
001 - CONTROL NUMBER
- control field: 48411
003 - CONTROL NUMBER IDENTIFIER
- control field: NUST
005 - DATE AND TIME OF LATEST TRANSACTION
- control field: 20210314134041.0
008 - FIXED-LENGTH DATA ELEMENTS
- fixed length control field: 210314|| aca||aabn | a|a d
040 ## - CATALOGING SOURCE
- Original cataloging agency: NUST
- Transcribing agency: NUST
100 ## - HEADING--PERSONAL NAME
- Personal name: Shaheen Akhtar
670 ## - SOURCE DATA FOUND
- Source citation: Work cat.: (NUST): Zahid Hussain 13333, Early Prediction of 28 days strength of concrete based on non destructive techniques, 7-4-1997
